| 000 | 01068cam a2200277 4500 | ||
|---|---|---|---|
| 001 | 57567 | ||
| 003 | BD-RjUL | ||
| 005 | 20211209080529.0 | ||
| 008 | 161210t19711964enka b 001 0 eng | ||
| 020 | _a0719010233 | ||
| 035 | _a(BD-RjUL)57691 | ||
| 040 |
_aDLC _cDLC _dDLC _beng |
||
| 041 | _aeng | ||
| 082 | 0 | 0 |
_223 _a306.83 _bVAP 1971 |
| 100 | 1 |
_aVan Velsen, J. _9170949 |
|
| 245 | 1 | 4 |
_aThe politics of kinship : _ba study in social manipulation among the lakeside Tonga of Malawi / _cby J. Van Velsen. |
| 260 |
_a[Manchester, Eng. : _bPublished on behalf of the Institute for African Studies, University of Zambia, by Manchester University Press _c[1971, c1964] |
||
| 300 |
_axxix, 338 p. : _bill. ; _c22 cm. |
||
| 350 | _a£1.80 ($6.00 U.S.) | ||
| 500 | _aLabel mounted on t.p.: Distributed in the U.S.A. by Humanities Press, New York. | ||
| 504 | _aBibliography: p. 327-330. | ||
| 651 | 0 |
_aMalawi _xSocial conditions. _9170950 |
|
| 710 | 2 |
_aUniversity of Zambia. _bInstitute for African Studies. _9170951 |
|
| 942 |
_2ddc _cBK |
||
| 999 |
_c57567 _d57567 |
||